Online Catalogue and eLibrary

Finding our way : (Record no. 98)

MARC details
000 -LEADER
fixed length control field 00564cam a2200205 a 4500
001 - CONTROL NUMBER
control field 4866248
005 - DATE AND TIME OF LATEST TRANSACTION
control field 20231128021436.0
008 - FIXED-LENGTH DATA ELEMENTS--GENERAL INFORMATION
fixed length control field 911226s1991 pk a b 000 0 eng
040 ## - CATALOGING SOURCE (பட்டியலாக்க மூலம்)
Original cataloging agency DLC
Transcribing agency DLC
Modifying agency DLC
082 ## - DDC Classification
DDC Edition Number 22
Class No. 305.4
245 00 - TITLE STATEMENT
Title Finding our way :
Remainder of title readings on women in Pakistan /
Statement of responsibility, etc. edited by Fareeha Zafar.
260 ## - PUBLICATION, DISTRIBUTION, ETC.
Place of publication, distribution, etc. Lahore, Pakistan :
Name of publisher, distributor, etc. ASR Publications,
Date of publication, distribution, etc. 1991.
300 ## - PHYSICAL DESCRIPTION
Extent (e.g. Volumes, Pages etc.) xxi, 335 p. :
500 ## - GENERAL NOTE
General note English and Urdu.
650 #0 - SUBJECT ADDED ENTRY--TOPICAL TERM
Topical term or geographic name entry element Feminism
650 #0 - SUBJECT ADDED ENTRY--TOPICAL TERM
Topical term or geographic name entry element Women in development
650 #0 - SUBJECT ADDED ENTRY--TOPICAL TERM
Topical term or geographic name entry element Women
700 1# - ADDED ENTRY--PERSONAL NAME
Personal name Zafar, Fareeha.
Relator term (Role) Editor
942 ## - Koha item type (Biblio)
Koha item type Books in Stacks (Lending)
Holdings
Lost status Damaged status Collection code Home library Current library Date acquired Full call number Accession Number Item type
    Lending WERC Library WERC Library 11/28/2023 305.4 265 Books in Stacks (Lending)

© WERC Library